000 00946nam a2200289Ia 4500
005 20250425162840.0
008 250425s9999 xx 000 0 und d
020 _a9780197553602
041 _aeng
082 _a591.1
_pHIL
100 _aHill, Richard
245 0 _aAnimal physiology
_cRichard W. Hill, Daniel J. Cavanaugh, Margaret Anderson
250 _aFifth edition
260 _aNew York
_bSinauer Associates Oxford University Press
_c2022
300 _a791 pagina
_bilustración
_c28 cm.
500 _aIncluye índice
650 _aEcología y evolución
650 _aEscala biológica
650 _aFisiología animal, integral y contemporánea
650 _aNiveles: Genoma, biología molecular, bioquímica, células, tejidos, órganos
650 _aSistemas de órganos
700 _aAnderson, Margaret
700 _aCavanauhh, J. Daniel
902 _aMonográfico
_cImpresión
942 _c01
010 _a113598
999 _c237687
_d237687